Kpop Membres d'Ateez : The Real & Crazy Form - Statistiques

Statistiques générales
  • Ce quiz a été pris 128 fois
  • Le résultat moyen est 16 sur 16
Statistiques - réponses
Par images Réponse % Correct
San
100%
Jongho
99%
Mingi
99%
San
99%
Wooyoung
99%
Jongho
98%
Seonghwa
98%
Seonghwa
98%
Yeosang
98%
Yeosang
98%
Yunho
98%
Yunho
98%
Wooyoung
97%
Hongjoong
96%
Hongjoong
96%
Mingi
96%
Aucun quiz correspondant
Distribution des résultats
% des personnes avec chaque résultat
Percentile par nombre de réponses
Votre historique - résultats
Vous n’avez pas pris ce quiz